👓 Etymology : summer sports Quiz Stats

 Plays Quiz not verified by Sporcle

Challenge
Share
Tweet
Embed
Score 0/24 Timer 15:00
0 Plays Today
Etymology Sport % Correct
Proto-Germanic '*swimmaną' ('to be unsteady')swimming
87.5%
Part 1. Proto-Germanic '*handuz' handball
85.9%
Part 1. Proto-Germanic '*fōts' football
84.4%
Scottish 'gouf'golf
84.4%
From French impertive of 'tenir' ('to hold')tennis
84.4%
Part 1 : French 'volée' (flight), Latin 'volare' (to fly)volleyball
84.4%
Part 1 : Anglo-Normand 'bascat'basketball
82.8%
Adjective from latin 'equus' ('horse')equestrian
79.7%
Part 1 : French for 'low', from latin 'bassus' ('low')baseball
75%
Perhaps from Flemish 'stick, staff'cricket
75%
Proto-Germanic '*wraistjan' ('to twist, wrench')wrestling
75%
Colloquial abbreviation for 'association' footballsoccer
73.4%
Etymology Sport % Correct
Middle French 'defens' ('defence')fencing
71.9%
Japanese, originally 唐手 ('Chinese hand')karate
71.9%
From a verb 'to ride a type of vehicle'cycling
70.3%
Verb, from Proto-Germanic ' *rōaną'rowing
67.2%
Japanese '柔道' ('gentle way')judo
62.5%
Possibly related to 'hook', of unknown originhockey
59.4%
Greek 'ἆθλον' ('prize of a contest')athletics
57.8%
A town in Warwickshire, Englandrugby
56.3%
A village in Gloucestershire, Englandbadminton
54.7%
Greek 'γυμνός' ('naked')gymnastics
54.7%
Proto-Germanic '*seglą' ('sheet, s..')sailing
53.1%
Verb meaning 'to beat or whip' , uncertain originboxing
39.1%

You're not logged in!

Compare scores with friends on all Sporcle quizzes.
Join for Free
OR
Log In

You Might Also Like...

Show Comments

Extras

Top Quizzes Today


Score Distribution

Your Account Isn't Verified!

In order to create a playlist on Sporcle, you need to verify the email address you used during registration. Go to your Sporcle Settings to finish the process.

Report this User

Report this user for behavior that violates our Community Guidelines.

Details: